000 00726nam a2200289Ia 4500
005 20260324140319.0
008 008 260324s9999 xx 000 0 eng d
020 _a9781315139685
037 _aEBOOK
040 _aCRL
040 _beng
040 _cCRL
041 _2eng
041 _aeng
084 _qCRL
100 _aSV Avakyan
_91203924
245 0 _aCollision Processes and Excitation of UV Emission from Planetary Atmospheric Gases
245 2 _bA Handbook of Cross Sections
260 _bTaylor and Francis
260 _c1999
365 _a
365 _b340
856 _uhttp://www.taylorfrancis.com/books/9781315139685
942 _cEBOOK
999 _c1805872
_d1805872